Khí tượng học

Salvato in:
Dettagli Bibliografici
Autore principale: Khí tượng học
Natura: Libro
Lingua:Undetermined
Pubblicazione: Hà Nội KHKT 1997
Soggetti:
Tags: Aggiungi Tag
Nessun Tag, puoi essere il primo ad aggiungerne! !
Thư viện lưu trữ: Trung tâm Học liệu Trường Đại học Cần Thơ
LEADER 00505nam a2200193Ia 4500
001 CTU_28686
008 210402s9999 xx 000 0 und d
082 |a 551 
082 |b Kh300 
100 |a Khí tượng học 
245 0 |a Khí tượng học 
245 0 |c Trần Thư 
260 |a Hà Nội 
260 |b KHKT 
260 |c 1997 
526 |a Khí tượng thủy văn 
526 |b CN004 
650 |a meteorology 
980 |a Trung tâm Học liệu Trường Đại học Cần Thơ